|
|
|
|
| LEADER |
01682pam\a2200397\a\4500 |
| 001 |
AALebook000001 |
| 003 |
BD-DhAAL |
| 006 |
m||||||||d|||||||| |
| 007 |
cr|||||||||||| |
| 008 |
210809s2021\\\\xx\\\\\\o\\\\\||||0\eng\d |
| 999 |
|
|
|c 43253
|d 43253
|
| 020 |
|
|
|a 9781947493643
|
| 020 |
|
|
|a 9781947493636
|
| 040 |
|
|
|a BD-DhAAL
|
| 050 |
0 |
0 |
|a K3636
|b .F86 2010
|
| 100 |
|
|
|a Hall, Gloria,
|e author.
|9 41376
|
| 245 |
0 |
0 |
|a Fundamentals of international regulatory affairs /
|c Gloria Hall
|
| 250 |
|
|
|a Fifth edition
|
| 260 |
|
|
|a Rockville, Md. :
|b Regulatory Affairs Professionals Society (RAPS),
|c c2021
|
| 300 |
|
|
|a 1 online resource.
|
| 500 |
|
|
|a Access type: Perpetual
|
| 504 |
|
|
|a Includes bibliographical references and index.
|
| 506 |
|
|
|a Electronic access restricted to authorized BRAC University faculty, staff and students
|
| 526 |
|
|
|a Eva Rahman Kabir,
Professor & Chairperson,
PHR
|
| 538 |
|
|
|a Mode of access: Internet
|
| 541 |
|
|
|a Regulatory Affairs Professionals Society
|h BDT 395
|
| 650 |
|
0 |
|a Drugs
|x Law and legislation.
|9 41368
|
| 650 |
|
0 |
|a Medical instruments and apparatus industry
|x Law and legislation.
|9 41369
|
| 650 |
|
0 |
|a Biologicals
|x Law and legislation.
|9 41370
|
| 650 |
|
0 |
|a Pharmaceutical policy.
|9 41371
|
| 655 |
|
|
|a Electronic books.
|9 42115
|
| 710 |
2 |
|
|a Regulatory Affairs Professionals Society.
|9 41373
|
| 852 |
|
|
|a Ayesha Abed Library
|
| 856 |
|
|
|z Full text available
|u http://library.bracu.ac.bd/ebooks/Fundamentals_of_International_Regulatory_Affairs__.pdf
|
| 942 |
|
|
|2 ddc
|c EBK
|
| 952 |
|
|
|0 0
|1 0
|2 ddc
|4 0
|7 0
|9 69361
|a BRACUL
|b BRACUL
|d 2021-08-09
|e Regulatory Affairs Professionals Society (RAPS)
|g 395.00
|l 0
|r 2021-08-09
|t 1
|w 2021-08-09
|y EBK
|